000 00691nam a2200277Ia 4500
005 20260324125223.0
008 008 260324s9999 xx 000 0 eng d
020 _a9780203609606
037 _aEBOOK
040 _aCRL
040 _beng
040 _cCRL
041 _2eng
041 _aeng
084 _qCRL
100 _aAnita M Hughes; Sandy Green
_91177159
245 0 _aProblem Solving, Reasoning and Numeracy in the Early Years Foundation Stage
260 _bTaylor and Francis
260 _c2009
365 _a
365 _b180
856 _uhttp://www.taylorfrancis.com/books/9780203609606
942 _cEBOOK
999 _c1772210
_d1772210